| 000 | 01200cad a22002415a 4500 | ||
|---|---|---|---|
| 001 | L149867 | ||
| 008 | 100510e2010 xxk 000 0 eng d | ||
| 035 | _a(Sirsi) u149867 | ||
| 041 | 0 | _aeng | |
| 245 | 0 | 0 |
_aMr Christopher Shaw Mrs Gabriele Shaw v MFP Foundations & Piling Limited _h[electronic resource] |
| 260 |
_a London _bEWHC Ch _c2010 |
||
| 520 | _a[2010] EWHC 9 (Ch), 6 January 2010. Bankruptcy will not always follow the failure to pay an adjudicator's award even if, as this case shows, the debtor has the means to do so. If the debtor has failed to pursue a cross-claim before the adjudicator, only to raise it when faced with a statutory demand, that may cast doubt on its genuineness or strength. | ||
| 590 | _aKA NTK | ||
| 650 | 2 | 4 | _aMR CHRISTOPHER SHAW |
| 650 | 2 | 4 | _aMRS GABRIELE SHAW |
| 650 | 2 | 4 | _aMFP FOUNDATIONS AND PILING LIMITED |
| 651 | 4 | _aUnited Kingdom | |
| 690 | _aMANAGEMENT-DISPUTE AVOIDANCE | ||
| 690 | _aMANAGEMENT AND RESOLUTION-DISPUTE | ||
| 690 | _aMANAGEMENT AND RESOLUTION-ALTERNATIVE DISPUTE RESOLUTION-ADJUDICATION | ||
| 856 | 4 | 8 |
_uhttps://www.bailii.org/ew/cases/EWHC/Ch/2010/9.html _zView the website free of charge at www.bailii.org |
| 942 |
_n0 _2ddc |
||
| 999 |
_c82311 _d82311 |
||